The torch bearers of Kerala renaissance / (Record no. 143808)

MARC details
000 -LEADER
fixed length control field 00595nam a22001817a 4500
005 - DATE AND TIME OF LATEST TRANSACTION
control field 20170825103445.0
010 ## - LCCN (DPL NO)
LC control number ENG-120027
020 ## - INTERNATIONAL STANDARD BOOK NUMBER
International Standard Book Number 9789386440112
Terms of availability 155.00
035 ## - SYSTEM CONTROL NUMBER
System control number EN-103559
037 ## - SOURCE OF ACQUISITION
Source of stock number/acquisition DBAD/PUB
082 ## - DEWEY DECIMAL CLASSIFICATION NUMBER
Classification number 921
100 ## - MAIN ENTRY--PERSONAL NAME
Personal name Karthikeyan, Shornur
245 ## - TITLE STATEMENT
Title The torch bearers of Kerala renaissance /
Statement of responsibility, etc by Shornur Karthikeyan
260 ## - PUBLICATION, DISTRIBUTION, ETC. (IMPRINT)
Place of publication, distribution, etc Thrissur (Kerala)
Name of publisher, distributor, etc G-motivation an imprint of green books
Date of publication, distribution, etc 2017
270 ## - ADDRESS
Address GB Building, Civil Lane Road, Ayyanthole,
City Thrissur (Kerala)
Postal code 680003
300 ## - PHYSICAL DESCRIPTION
Extent 152p.
Dimensions 22cm(pbk)
942 ## - ADDED ENTRY ELEMENTS (KOHA)
Source of classification or shelving scheme Dewey Decimal Classification
Item type English Books
Classification part 921
Call number suffix KAR
Holdings
Withdrawn status Lost status Not for loan Collection code Home library Current library Date acquired Source of acquisition Cost, normal purchase price Full call number Barcode Copy number Cost, replacement price Koha item type
      Non-fiction Patel Nagar Patel Nagar 25/08/2017 DBAD/PUB 155.00 921 KAR EN-103559 1 155.00 English Books

© Delhi Public Library
Hit Counter
free hit counter